Т. 328, № 10; Известия Томского политехнического университета [Известия ТПУ]. Инжиниринг георесурсов

Dades bibliogràfiques
Parent link:Известия Томского политехнического университета [Известия ТПУ]. Инжиниринг георесурсов=Bulletin of the Tomsk Polytechnic University. Geo Assets Engineering/ Национальный исследовательский Томский политехнический университет (ТПУ). Т. 328, № 10.— , 2015-
Sumari:"Известия Томского политехнического университета. Инжиниринг георесурсов" публикует оригинальные работы, обзорные статьи, очерки и обсуждения, охватывающие последние достижения в области геологии, разведки и добычи полезных ископаемых, технологии транспортировки и глубокой переработки природных ресурсов, энергоэффективного производства и преобразования энергии на основе полезных ископаемых, а также безопасной утилизации геоактивов.
Idioma:rus
anglès
Publicat: 2017
Matèries:
Format: Llibre
KOHA link:https://koha.lib.tpu.ru/cgi-bin/koha/opac-detail.pl?biblionumber=341507

MARC

LEADER 00000nam2a2200000 4500
001 341507
005 20231208105342.0
035 |a (RuTPU)RU\TPU\book\369518 
035 |a RU\TPU\book\369517 
090 |a 341507 
100 |a 20181002d2017 k y0rusy50 ca 
101 0 |a rus  |a eng 
102 |a RU 
105 |a a z 001zy 
200 0 |a Т. 328, № 10 
210 |d 2017 
215 |a 99 с.  |c ил. 
320 |a Библиография в конце статей 
330 |a "Известия Томского политехнического университета. Инжиниринг георесурсов" публикует оригинальные работы, обзорные статьи, очерки и обсуждения, охватывающие последние достижения в области геологии, разведки и добычи полезных ископаемых, технологии транспортировки и глубокой переработки природных ресурсов, энергоэффективного производства и преобразования энергии на основе полезных ископаемых, а также безопасной утилизации геоактивов. 
461 1 |0 (RuTPU)RU\TPU\book\353411  |t Известия Томского политехнического университета [Известия ТПУ]. Инжиниринг георесурсов  |l Bulletin of the Tomsk Polytechnic University. Geo Assets Engineering  |f Национальный исследовательский Томский политехнический университет (ТПУ)  |v Т. 328, № 10  |d 2015-  
606 1 |a Научно-технический потенциал  |2 stltpush  |3 (RuTPU)RU\TPU\subj\45166  |9 64427 
610 1 |a основание 
610 1 |a деформация 
610 1 |a цементно-песчаная инъекция 
610 1 |a грунтовые массивы 
610 1 |a упрочнение 
610 1 |a руды 
610 1 |a обогащение 
610 1 |a отходы 
610 1 |a утилизация 
610 1 |a металлы 
610 1 |a извлечение 
610 1 |a Западная Сибирь 
610 1 |a таежная зона 
610 1 |a геохимически сопряженные болотные ландшафты 
610 1 |a химические элементы 
610 1 |a распределение 
610 1 |a Замбия 
610 1 |a Россия 
610 1 |a энергетическая отрасль 
610 1 |a гранулы 
610 1 |a формирование 
610 1 |a метод окатывания 
610 1 |a силикат калия 
610 1 |a связующие 
610 1 |a примесные компоненты 
610 1 |a горизонтальные скважины 
610 1 |a пласты 
610 1 |a многозонный гидроразрыв 
610 1 |a гранулированные катализаторы 
610 1 |a метан 
610 1 |a неокислительная конверсия 
610 1 |a гидродинамические исследования 
610 1 |a адаптивная интерпретация 
675 |a 62  |v 4 
801 1 |a RU  |b 63413507  |c 20181002 
801 2 |a RU  |b 63413507  |c 20221212  |g RCR 
942 |c CR